Del salón a la música popular en la guitarra de Carlos Pimentel
I tiakina i:
| Ngā kaituhi matua: | , |
|---|---|
| Hōputu: | Pukapuka |
| Reo: | Pāniora |
| I whakaputaina: |
Santiago
FONDART
2007
|
| Putanga: | 1a. ed |
| Ngā marau: | |
| Ngā Tūtohu: |
Tāpirihia he Tūtohu
Kāore He Tūtohu, Me noho koe te mea tuatahi ki te tūtohu i tēnei pūkete!
|
MARC
| LEADER | 00000nam a2200000 a 4500 | ||
|---|---|---|---|
| 001 | UCI1892 | ||
| 003 | CL-VaPUC | ||
| 008 | 070720e20070300CL |||||||||||||||||spa|d | ||
| 020 | |a 9789563105926 | ||
| 082 | 0 | 4 | |a 781 |b FUE |2 21 |
| 100 | 0 | |a Fuertes, Roberto |e author |9 522667 | |
| 700 | 0 | |a Zamora, Bernardo |e author |9 522668 | |
| 245 | 1 | 0 | |a Del salón a la música popular en la guitarra de Carlos Pimentel |
| 250 | |a 1a. ed | ||
| 300 | |a 90 p | ||
| 942 | |c BK | ||
| 945 | |d 20070720 00:00:00 |a castudil | ||
| 260 | |a Santiago |b FONDART |c 2007 | ||
| 500 | |a Contiene, biografía y partituras | ||
| 500 | |a Contiene CD con catastro, partituras y audio en midi | ||
| 600 | 0 | 7 | |a PIMENTEL, CARLOS |2 CL-VaPUC |9 522669 |
| 650 | 7 | |a GUITARRA |2 CL-VaPUC |9 522670 | |
| 650 | 0 | |a Música popular chilena |9 522671 | |
| 650 | 7 | |a MUSICA DE SALON |2 CL-VaPUC |9 522672 | |
| 650 | 0 | |a Historia de la música |9 306741 | |
| 651 | 7 | |a CHILE |2 CL-VaPUC |9 522673 | |
| 651 | 0 | |a Valparaíso, Chile |9 261144 | |
| 583 | |a last modification |c 20070720 00:00:00 |k Rodrigo Vera | ||
| 999 | |c 326585 |d 326583 | ||
| 952 | |0 0 |1 0 |4 0 |6 781_000000000000000_FUE_2007 |7 0 |8 X |9 408576 |a FDOMLP |b FDOMLP |d 2019-11-22 |i 4352319 |o 781 FUE 2007 |p 4352319 |r 2019-11-22 |w 2019-11-22 |y BK_X |k BU2 | ||
| 952 | |0 0 |1 0 |4 0 |6 781_000000000000000_FUE_2007 |7 0 |8 X |9 408577 |a FDOMLP |b FDOMLP |d 2019-11-22 |i 4352327 |o 781 FUE 2007 |p 4352327 |r 2019-11-22 |w 2019-11-22 |y BK_X |k BU2 | ||
| 952 | |0 0 |1 0 |4 0 |6 781_000000000000000_FUE_2007 |7 0 |8 R |9 408578 |a BIBEDU |b BIBEDU |d 2019-11-22 |i 4384652 |o 781 FUE 2007 |p 4384652 |r 2023-01-12 |w 2019-11-22 |y BK_R |k MUS | ||